Magnetofony, jejich údržba a měření

Saved in:
Bibliographic Details
Main Author: Hofhans, Adrien
Format: Book
Language:Czech
Published: Praha Státní nakladatelství technické literatury 1982
Tags: Add Tag
No Tags, Be the first to tag this record!

MARC

LEADER 00000nam a2200000 4500
001 c110366
005 20041019155146.5
041 0 |a cze 
044 |a CZ 
245 1 0 |a Magnetofony, jejich údržba a měření  |c Adrien Hofhans 
264 1 |a Praha  |b Státní nakladatelství technické literatury  |c 1982 
300 |a 357 s. 
100 1 |a Hofhans, Adrien